[Event "ROM-ch"]
[Site "Baile Olanesti"]
[Date "2010.02.02"]
[Round "3"]
[White "Chirila, Ioan Cristian"]
[Black "Grigore, Mitica"]
[Result "1-0"]
[WhiteElo "2504"]
[BlackElo "2019"]
[PlyCount "33"]
[EventDate "2010.01.31"]
[EventType "swiss"]
[EventRounds "9"]
[EventCountry "ROU"]
[SourceTitle "CBM 134 Extra"]
[Source "ChessBase"]
[SourceDate "2010.03.03"]
[SourceVersion "1"]
[SourceVersionDate "2010.03.03"]
[SourceQuality "1"]

1. e4 c6 2. d4 d5 3. e5 Bf5 4. Nf3 e6 5. Be2 Nd7 6. 0-0 Ne7 7. Nbd2 c5 8. c3 Nc6 9. Nb3 b6 10. c4 dxc4 11. Bxc4 Be7 12. dxc5 Nxc5 13. Bb5 Qc7 14. Nfd4 Be4 15. Qg4 0-0-0 16. Nxc5 Bxc5 17. Nxe6 1-0

[Event "ROM-ch"]
[Site "Eforie Nord"]
[Date "2009.02.06"]
[Round "7"]
[White "Mosnegutu, Klaus"]
[Black "Grigore, Mitica"]
[Result "1-0"]
[WhiteElo "2256"]
[BlackElo "2009"]
[PlyCount "51"]
[EventDate "2009.01.31"]
[EventType "swiss"]
[EventRounds "9"]
[EventCountry "ROU"]
[SourceTitle "CBM 130 Extra"]
[Source "ChessBase"]
[SourceDate "2009.07.02"]
[SourceVersion "2"]
[SourceVersionDate "2009.07.15"]
[SourceQuality "1"]

1. d4 d5 2. c4 c6 3. Nc3 Nf6 4. Bg5 Ne4 5. Nxe4 dxe4 6. Qd2 h5 7. h4 Be6 8. e3 g6 9. Nh3 f6 10. Bf4 Bxh3 11. Rxh3 e6 12. f3 Na6 13. c5 Nxc5 14. dxc5 Qxd2+ 15. Kxd2 Bxc5 16. Bc4 e5 17. Bg3 a5 18. fxe4 b5 19. Bd3 0-0-0 20. Ke2 Rd6 21. Rhh1 Rhd8 22. Rhd1 Bb4 23. a3 Bc5 24. Rac1 Bb6 25. a4 b4 26. Bc4 1-0

[Event "ROM-ch"]
[Site "Eforie Nord"]
[Date "2009.02.05"]
[Round "6"]
[White "Grigore, Mitica"]
[Black "Duca, Alexandru Gabriel"]
[Result "1/2-1/2"]
[WhiteElo "2009"]
[BlackElo "2230"]
[PlyCount "99"]
[EventDate "2009.01.31"]
[EventType "swiss"]
[EventRounds "9"]
[EventCountry "ROU"]
[SourceTitle "CBM 130 Extra"]
[Source "ChessBase"]
[SourceDate "2009.07.02"]
[SourceVersion "2"]
[SourceVersionDate "2009.07.15"]
[SourceQuality "1"]

1. Nf3 Nf6 2. c4 e6 3. g3 c5 4. Bg2 Nc6 5. 0-0 b6 6. d4 Bb7 7. Nc3 cxd4 8. Nxd4 Rc8 9. e4 d6 10. b3 Be7 11. Be3 Qc7 12. Rc1 0-0 13. Qe2 Rfd8 14. Rfd1 Qb8 15. h3 Qa8 16. f4 Nb4 17. Bf2 Na6 18. Nc2 Bf8 19. Rd2 Nc5 20. Bxc5 Rxc5 21. Rcd1 Rdc8 22. Ne1 Ra5 23. Nd3 b5 24. b4 Rxc4 25. bxa5 Rxc3 26. e5 Ne4 27. a6 Bd5 28. Nb4 Nxd2 29. Nxd5 exd5 30. Qxd2 Rxg3 31. Qxd5 Qxd5 32. Rxd5 dxe5 33. fxe5 Ra3 34. Rxb5 Rxa2 35. Bd5 Rxa6 36. Rb7 Bc5+ 37. Kg2 h5 38. Rxf7 Kh7 39. e6 Ra5 40. e7 Bxe7 41. Be4+ Kg8 42. Rxe7 Kf8 43. Rb7 Re5 44. Kf3 a5 45. Kf4 Rc5 46. Bg6 Rc6 47. Be4 Ra6 48. Rb8+ Ke7 49. Ra8 Rxa8 50. Bxa8 1/2-1/2

[Event "ROM-ch"]
[Site "Eforie Nord"]
[Date "2009.02.04"]
[Round "5"]
[White "Dragomirescu, Calin"]
[Black "Grigore, Mitica"]
[Result "1/2-1/2"]
[WhiteElo "2224"]
[BlackElo "2009"]
[PlyCount "122"]
[EventDate "2009.01.31"]
[EventType "swiss"]
[EventRounds "9"]
[EventCountry "ROU"]
[SourceTitle "CBM 130 Extra"]
[Source "ChessBase"]
[SourceDate "2009.07.02"]
[SourceVersion "2"]
[SourceVersionDate "2009.07.15"]
[SourceQuality "1"]

1. d4 d5 2. c4 c6 3. Nf3 Nf6 4. e3 Bf5 5. Nc3 e6 6. Nh4 Bg6 7. Nxg6 hxg6 8. Qb3 Qb6 9. Bd2 Nbd7 10. c5 Qc7 11. 0-0-0 Ng4 12. Be1 0-0-0 13. h3 f5 14. Ne2 g5 15. f3 Nh6 16. Qa4 b5 17. cxb6 Nxb6 18. Qa6+ Qb7 19. Nc3 Bd6 20. Kb1 Qxa6 21. Bxa6+ Kd7 22. Rc1 Ng8 23. Bd2 Ne7 24. Ne2 Rb8 25. Rc2 Na8 26. Bd3 Nc7 27. e4 f4 28. h4 e5 29. Bc3 dxe4 30. Bxe4 Ncd5 31. dxe5 Nxc3+ 32. Nxc3 Bxe5 33. Rd1+ Ke6 34. hxg5 Rh5 35. g6 Rh2 36. Na4 Rb4 37. Nc5+ Kf6 38. Nd7+ Ke6 39. Nxe5 Kxe5 40. a3 Rd4 41. Rxd4 Kxd4 42. Rd2+ Ke5 43. Rd7 Ke6 44. Rxa7 Rxg2 45. Ra8 Nxg6 46. Bxc6 Ne5 47. Bb7 Nc4 48. Bc8+ Ke5 49. Rb8 Nd2+ 50. Ka2 Nxf3 51. a4 Nd4 52. a5 f3 53. Bb7 Rg6 54. a6 f2 55. Rf8 Nf5 56. Re8+ Kf4 57. Re4+ Kg5 58. a7 f1Q 59. a8Q Qd3 60. Qa4 Rb6 61. Rg4+ Kf6 1/2-1/2

[Event "Centrocoop June op-A"]
[Site "Eforie Nord"]
[Date "1999.06.??"]
[Round "?"]
[White "Romcovici, Victor"]
[Black "Grigore, Mitica"]
[Result "1-0"]
[WhiteElo "2275"]
[BlackElo "2057"]
[PlyCount "103"]
[EventDate "1999.06.??"]
[EventType "swiss"]
[EventRounds "11"]
[EventCountry "ROU"]
[SourceTitle "EXT 2004"]
[Source "ChessBase"]
[SourceDate "2003.11.25"]
[SourceVersion "1"]
[SourceVersionDate "2003.11.25"]
[SourceQuality "1"]

1. d4 d5 2. Nc3 c6 3. e4 dxe4 4. Nxe4 Bf5 5. Ng3 Bg6 6. Nf3 Nd7 7. h4 h6 8. h5 Bh7 9. Bd3 Bxd3 10. Qxd3 Ngf6 11. Bd2 e6 12. 0-0-0 Qc7 13. Kb1 0-0-0 14. Ne2 Bd6 15. g3 Ng4 16. Rhf1 Ndf6 17. Nf4 e5 18. Qf5+ Qd7 19. Qxd7+ Rxd7 20. dxe5 Nxe5 21. Nxe5 Bxe5 22. Nd3 Bd4 23. Rh1 Re8 24. f3 Re2 25. g4 Nd5 26. Nc1 Re6 27. Bxh6 Bxb2 28. Kxb2 gxh6 29. Nb3 Rf6 30. Rd3 Nf4 31. Rxd7 Kxd7 32. Nc5+ Kc7 33. Ne4 Re6 34. g5 b6 35. Rh4 Ng2 36. Rg4 Ne3 37. Rf4 hxg5 38. Rxf7+ Kc8 39. Nxg5 Rh6 40. Rh7 Rxh7 41. Nxh7 Nf5 42. Nf6 Nh6 43. Ng4 Nf7 44. h6 Kd8 45. Kc3 Ke7 46. Kd4 Ke6 47. Ke4 Ng5+ 48. Kf4 Nh3+ 49. Ke3 Ng5 50. f4 Nf7 51. h7 c5 52. c4 1-0

[Event "Centrocoop June op-A"]
[Site "Eforie Nord"]
[Date "1999.06.??"]
[Round "?"]
[White "Tikhomirov, Sergei"]
[Black "Grigore, Mitica"]
[Result "1-0"]
[WhiteElo "2417"]
[BlackElo "2057"]
[PlyCount "23"]
[EventDate "1999.06.??"]
[EventType "swiss"]
[EventRounds "11"]
[EventCountry "ROU"]
[SourceTitle "EXT 2004"]
[Source "ChessBase"]
[SourceDate "2003.11.25"]
[SourceVersion "1"]
[SourceVersionDate "2003.11.25"]
[SourceQuality "1"]

1. e4 c6 2. d3 d5 3. Nd2 Qc7 4. g3 e5 5. Bg2 Be6 6. Ngf3 f5 7. 0-0 Bc5 8. d4 exd4 9. Nb3 Bb6 10. Nfxd4 Bf7 11. Nxf5 Ne7 12. Nxg7+ 1-0